[Event "Dhaka Metropolis op U2100"]
[Site "Dhaka"]
[Date "2022.10.20"]
[Round "4"]
[White "Moniruzzaman, Monir"]
[Black "Shawket Bin, Osman Shaon"]
[Result "0-1"]
[WhiteElo "1690"]
[BlackElo "2071"]
[PlyCount "96"]
[EventDate "2022.10.17"]
[EventType "swiss"]
[EventRounds "9"]
[EventCountry "BAN"]
[SourceTitle "EXT 2024"]
[Source "ChessBase"]
[SourceDate "2023.10.10"]
[SourceVersion "1"]
[SourceVersionDate "2023.10.10"]
[SourceQuality "1"]

1. d4 d5 2. c4 c6 3. Nf3 Nf6 4. Nc3 e6 5. Bg5 Nbd7 6. e3 Qa5 7. Nd2 Bb4 8. Qc2 Ne4 9. Ndxe4 dxe4 10. Bf4 e5 11. Bxe5 Nxe5 12. dxe5 Qxe5 13. Rc1 Bf5 14. Be2 0-0 15. 0-0 Rad8 16. Rfd1 Bxc3 17. bxc3 Qe7 18. Rd4 c5 19. Rd5 Rxd5 20. cxd5 Rd8 21. c4 Rd6 22. Rb1 Rh6 23. Bf1 Qh4 24. h3 Qe7 25. Qa4 b6 26. Rd1 Rd6 27. Qc2 g5 28. f3 Qe5 29. fxe4 Bxe4 30. Bd3 Bxd3 31. Qxd3 h6 32. Rf1 b5 33. e4 bxc4 34. Qxc4 Qd4+ 35. Qxd4 cxd4 36. a4 Ra6 37. Rc1 Kf8 38. e5 Rxa4 39. Kf1 d3 40. Rc8+ Ke7 41. Rc7+ Ke8 42. Rc8+ Kd7 43. Rf8 Ra1+ 44. Kf2 d2 45. Rxf7+ Ke8 46. Rh7 d1Q 47. Rh8+ Kf7 48. e6+ Kg7 0-1

[Event "BAN-chT2"]
[Site "Dhaka"]
[Date "2022.07.21"]
[Round "4.3"]
[White "Moniruzzaman, Monir"]
[Black "Prosenjit, Sarkar1111"]
[Result "1/2-1/2"]
[WhiteElo "1789"]
[BlackElo "1691"]
[PlyCount "56"]
[EventDate "2022.07.18"]
[EventType "team-swiss"]
[EventRounds "9"]
[EventCountry "BAN"]
[SourceTitle "EXT 2023"]
[Source "ChessBase"]
[SourceDate "2022.10.05"]
[SourceVersion "1"]
[SourceVersionDate "2022.10.05"]
[SourceQuality "1"]
[WhiteTeam "Asad"]
[BlackTeam "Bangladesh Bank Club"]
[WhiteTeamCountry "BAN"]
[BlackTeamCountry "BAN"]

1. d4 Nf6 2. Nf3 e6 3. c4 d5 4. g3 c6 5. b3 Bd6 6. Bg2 0-0 7. 0-0 Nbd7 8. Re1 e5 9. Bb2 e4 10. Ne5 Re8 11. f4 Nf8 12. Nd2 Ng4 13. e3 Nh6 14. h3 g6 15. Ng4 Nxg4 16. hxg4 Qd7 17. Kf2 Qxg4 18. Qxg4 Bxg4 19. Rh1 Bd7 20. Rac1 Rac8 21. Nb1 Be6 22. Rc2 f5 23. Rhc1 h6 24. Bf1 a6 25. Nc3 b5 26. cxd5 cxd5 27. a4 b4 28. Nb1 Rxc2+ 1/2-1/2

[Event "BAN-chT2"]
[Site "Dhaka"]
[Date "2022.07.20"]
[Round "3.3"]
[White "Faisal, Hossain"]
[Black "Moniruzzaman, Monir"]
[Result "1-0"]
[WhiteElo "1873"]
[BlackElo "1789"]
[PlyCount "87"]
[EventDate "2022.07.18"]
[EventType "team-swiss"]
[EventRounds "9"]
[EventCountry "BAN"]
[SourceTitle "EXT 2023"]
[Source "ChessBase"]
[SourceDate "2022.10.05"]
[SourceVersion "1"]
[SourceVersionDate "2022.10.05"]
[SourceQuality "1"]
[WhiteTeam "Sadharan Bima Corporation"]
[BlackTeam "Asad"]
[WhiteTeamCountry "BAN"]
[BlackTeamCountry "BAN"]

1. c4 Nf6 2. Nc3 g6 3. g3 Bg7 4. Bg2 0-0 5. Nf3 c5 6. 0-0 Nc6 7. d3 a6 8. Rb1 d6 9. a3 Bg4 10. h3 Bd7 11. b4 Nd4 12. bxc5 dxc5 13. Ne5 Nc6 14. Nxd7 Qxd7 15. Na4 Qc7 16. Nxc5 b6 17. Nb3 Rad8 18. Qc2 e5 19. Be3 Nd7 20. Qc1 Ne7 21. Bh6 Bxh6 22. Qxh6 Nf5 23. Qc1 Qd6 24. Qb2 Rb8 25. Rfc1 Nc5 26. Nxc5 bxc5 27. Qd2 Nd4 28. Re1 Rxb1 29. Rxb1 Rb8 30. Rxb8+ Qxb8 31. e3 Qb1+ 32. Kh2 Qc2 33. Qa5 Ne6 34. Kg1 Qxd3 35. Qxa6 Qd1+ 36. Kh2 Qd2 37. Qa8+ Kg7 38. Qd5 Qxf2 39. Qxe5+ Kf8 40. h4 Ke7 41. Qe4 Qa2 42. Qd3 h5 43. Kh3 g5 44. Kh2 1-0

[Event "Dhaka Al Mahmud Memorial"]
[Site "Dhaka"]
[Date "2022.02.06"]
[Round "2"]
[White "Noshin, Anjum"]
[Black "Moniruzzaman, Monir"]
[Result "1-0"]
[WhiteElo "2017"]
[BlackElo "1787"]
[PlyCount "91"]
[EventDate "2022.02.05"]
[EventType "swiss"]
[EventRounds "9"]
[EventCountry "BAN"]
[SourceTitle "EXT 2023"]
[Source "ChessBase"]
[SourceDate "2022.10.05"]
[SourceVersion "1"]
[SourceVersionDate "2022.10.05"]
[SourceQuality "1"]

1. e4 d5 2. exd5 Nf6 3. d4 Qxd5 4. Nc3 Qa5 5. Nf3 c6 6. Bc4 Bf5 7. Bd2 Nbd7 8. 0-0 e6 9. Re1 Qc7 10. Qe2 Bb4 11. Bb3 0-0 12. h3 a5 13. a3 Bxc3 14. Bxc3 Nb6 15. a4 Rfe8 16. Bd2 h6 17. Qe5 Qe7 18. Re2 Qd8 19. Bxa5 Nfd7 20. Bxb6 Nxe5 21. Bxd8 Nxf3+ 22. gxf3 Raxd8 23. c3 Bxh3 24. Bc2 Bf5 25. Bxf5 exf5 26. Rae1 Rxe2 27. Rxe2 Kf8 28. b4 f6 29. f4 Kf7 30. Kg2 g5 31. fxg5 fxg5 32. Re5 Kf6 33. b5 cxb5 34. Rxb5 Rd7 35. Rb6+ Kg7 36. a5 f4 37. c4 Rxd4 38. Rxb7+ Kf6 39. Rc7 Kf5 40. a6 Kg4 41. a7 f3+ 42. Kh2 Rd8 43. Rb7 Ra8 44. c5 Kf5 45. c6 Ke6 46. c7 1-0

[Event "Dhaka Saarc op"]
[Site "Dhaka"]
[Date "2019.11.26"]
[Round "2"]
[White "Hossain, Showkat Pollab"]
[Black "Moniruzzaman, Monir"]
[Result "1/2-1/2"]
[WhiteElo "2088"]
[BlackElo "1759"]
[PlyCount "141"]
[EventDate "2019.11.25"]
[EventType "swiss"]
[EventRounds "9"]
[EventCountry "BAN"]
[SourceTitle "CBM 193 Extra"]
[Source "ChessBase"]
[SourceDate "2020.01.31"]
[SourceVersion "1"]
[SourceVersionDate "2020.01.31"]
[SourceQuality "1"]

1. e4 d5 2. exd5 Nf6 3. Nf3 Qxd5 4. Nc3 Qa5 5. Bc4 c6 6. d4 Bf5 7. Ne5 e6 8. 0-0 Bb4 9. Bd2 Nbd7 10. a3 Bxc3 11. Bxc3 Qc7 12. Nxd7 Nxd7 13. Qe2 0-0 14. Rad1 Nb6 15. Bb3 a5 16. g4 Bg6 17. f4 h6 18. f5 exf5 19. gxf5 Bh7 20. Qg2 Nd5 21. Bxd5 cxd5 22. Qxd5 Rfd8 23. Qg2 f6 24. Rf2 Ra6 25. Re1 Kh8 26. Rfe2 Rg8 27. Qe4 Rc6 28. Qf3 Qd7 29. Re6 Rd6 30. Rxd6 Qxd6 31. Re6 Qd7 32. d5 Rd8 33. Bxa5 Qxd5 34. Qxd5 Rxd5 35. Re8+ Bg8 36. Bc3 Rxf5 37. Bd4 Kh7 38. Re7 Bd5 39. Re3 g5 40. b3 Rf4 41. Bb6 Be4 42. c4 f5 43. Bc7 Rg4+ 44. Rg3 Rh4 45. Re3 Kg6 46. a4 Kf6 47. a5 Ke6 48. Bg3 Rh3 49. Re1 h5 50. b4 h4 51. Bb8 Rc3 52. c5 Rc4 53. Bd6 Rxb4 54. Ra1 Rb1+ 55. Rxb1 Bxb1 56. Kf2 Be4 57. Bf8 g4 58. Bh6 Ke5 59. Bg5 h3 60. Kg3 Kd4 61. Bf4 Bc6 62. Bc7 Kxc5 63. Bb6+ Kd6 64. Be3 Ke5 65. Bf4+ Ke4 66. Bc7 Kd4 67. Bb6+ Kd3 68. Bc7 Be4 69. Bb6 Ke2 70. Bc7 Kf1 71. Bf4 1/2-1/2

[Event "Dhaka IRT U2000"]
[Site "Dhaka"]
[Date "2018.02.20"]
[Round "7"]
[White "Karim, Md Rezaul"]
[Black "Moniruzzaman, Monir"]
[Result "1-0"]
[WhiteElo "1805"]
[BlackElo "1840"]
[PlyCount "44"]
[EventDate "2018.02.14"]
[EventType "swiss"]
[EventRounds "9"]
[EventCountry "BAN"]
[SourceTitle "EXT 2024"]
[Source "ChessBase"]
[SourceDate "2023.10.10"]
[SourceVersion "1"]
[SourceVersionDate "2023.10.10"]
[SourceQuality "1"]

1. Nf3 Nf6 2. g3 c5 3. d3 d5 4. Nbd2 Nc6 5. Bg2 e5 6. e4 dxe4 7. dxe4 Bg4 8. c3 Qd3 9. Qa4 Bd7 10. Bf1 Qd6 11. Qc2 Be6 12. Nc4 Qc7 13. Bg5 Be7 14. Rd1 0-0 15. Ne3 Rad8 16. Bxf6 Rxd1+ 17. Qxd1 Bxf6 18. Nd5 Qa5 19. Qb3 Nd4 20. Nxd4 cxd4 21. Bc4 Bh3 22. Qxb7 Qc5 1-0

[Event "Dhaka Powertec op-B"]
[Site "Dhaka"]
[Date "2017.07.16"]
[Round "2"]
[White "Faisal, Hossain"]
[Black "Moniruzzaman, Monir"]
[Result "0-1"]
[WhiteElo "1991"]
[BlackElo "1827"]
[PlyCount "62"]
[EventDate "2017.07.15"]
[EventType "swiss"]
[EventRounds "9"]
[EventCountry "BAN"]
[SourceTitle "EXT 2018"]
[Source "ChessBase"]
[SourceDate "2017.10.13"]
[SourceVersion "1"]
[SourceVersionDate "2017.10.13"]
[SourceQuality "1"]

1. c4 e6 2. Nc3 c5 3. e4 Nc6 4. Nf3 a6 5. d4 cxd4 6. Nxd4 Bc5 7. Nb3 Ba7 8. Qg4 Nf6 9. Qh4 Ne5 10. Be2 Ng6 11. Qg3 Bb8 12. f4 e5 13. f5 Nf4 14. Bxf4 exf4 15. Qf3 0-0 16. 0-0 Re8 17. Bd3 Be5 18. Rf2 a5 19. Nd2 a4 20. h3 a3 21. b3 b6 22. Rff1 Bb7 23. Nd5 Bxd5 24. cxd5 b5 25. Kh1 Qb6 26. Qe2 Rac8 27. Rfc1 Rxc1+ 28. Rxc1 b4 29. Nf3 Bc3 30. Ng5 Qd4 31. Qf3 Be1 0-1